000 00406nam a2200157Ia 4500
008 230917s9999||||xx |||||||||||||| ||und||
040 _e54909
_aMAIN
041 _aEnglish
082 _a954.025 H114A
100 _aHabib, Irfan
245 4 _aThe Agrarian system of Mughal India 1556-1707
250 _a2nd, Rev ed.
260 _aOxford
_bUniversity Press
_c1999
300 _axvi, 547 p.
942 _cBK
999 _c106459
_d106459